L'intégral des dessins animés de Nickelodeon - Statistiques

Statistiques générales
  • Ce quiz a été pris 275 fois
  • Le résultat moyen est 5 sur 96
Statistiques - réponses
Première Lettre Réponse % Correct
B Bob L'éponge
80%
B Bienvenue Chez Les Loud
57%
M Mes Parrains Sont Magiques
25%
B Bienvenue Chez Les Casagrandes
20%
D Danny Fantôme
19%
D Dora L'exploratrice
18%
A Avatar Le Dernier Maître Le L'air
16%
J Jimmy Neutron
16%
R Les Razmoket
16%
S Sanjay et Craig
14%
F La Ferme En Folie
13%
B Breadwinners
12%
F La Famille Delajungle
12%
H Hé Arnold!
11%
P PAW Patrol : La Pat' Patrouille
10%
L La Légende de Korra
9%
F Fanboy Et Chum Chum
8%
A Les Aventures De Kid Danger
8%
L Les Lapins Crétins : Invasion
7%
P Les Pingouins De Madagascar
7%
M Michat-Michien
7%
P Patrick Super Star
7%
T TUFF Puppy
7%
H Harvey Beaks
6%
K Kung Fu Panda : L'Incroyable Légende
5%
R Razbitume !
5%
B Blaze Et Les Monster Machines
4%
G Go Diego !
4%
C Les Castors Allumés
4%
R Rocket Power
4%
U Umizoomi
4%
W Winx Club
4%
B Bill Junior
3%
B Bubulle Guppies
3%
D Doug
3%
T El Tigre : Les Aventures De Manny Riviera
3%
J Jenny Robot
3%
M Monstres Contre Aliens
3%
N Ni Hao, Kai-Lan
3%
R Ren Et Stimpy
3%
0-9 6teen
2%
A Abby Hatcher
2%
A Annie Et Pony
2%
B Blue Et Ses Amis
2%
B Bunsen Est Une Bête
2%
C Cochon Chèvre Banane Criquet
2%
G Ginger
2%
K Kamp Koral : Bob La Petite Éponge
2%
K Kappa Mikey
2%
A Les Agents Pop Secrets
2%
M Les Mélodilous
2%
M Max et Ruby
2%
P Planet Sheen
2%
S Shimmer et Shine
2%
T Tak Et Le Pouvoir De Juju
2%
A Alvin Et Les Chipmunks (2015)
1%
A Arc-En-Ciel Papillon Licorne Chaton
1%
B Butterbean's Café
1%
C Corn Et Peg
1%
D Deer Squad : Les Super-Cerfs
1%
D Digby Dragon
1%
D Dora And Friends : Au cœur De La ville
1%
G Garage Club
1%
G Glitch Techs
1%
H Holly Hobbie
1%
I Iggy Arbuckle
1%
D Le Destin Des Tortues Ninja
1%
A Les Aventures De La Tour Wayne
1%
R Rocko's Modern Life
1%
R Rudy A La craie
1%
R Rusty Rivets : Inventeur En Herbe
1%
S Super Bizz !
1%
T Tickety Toc
1%
W Wonder Choux !
1%
W Wow! Wow! Wubbzy!
1%
Y Yo Gabba Gabba!
1%
Z Zim L'envahisseur
1%
A Affreux Vilains Martiens
0%
B Becca Et Sa Bande
0%
C Chadébloc
0%
D Drôles De Monstres
0%
J Jerry Et Ses Copains
0%
M Le Monde Irrésistible De Richard Scarry
0%
P Le Petit Royaume De Ben Et Holly
0%
A Les Aventures Temporelles De Sammy Et Raj
0%
T Les Tortues Ninja (2012)
0%
M Mysticons
0%
N Nella Princesse Chevalier
0%
O Ollie Et Le Monstrosac
0%
O Oswald La Pieuvre
0%
P Pinky Dinky Doo
0%
R Rubbadubbers, Tous Au Bain
0%
R Rugrats Pre-School Daze
0%
W The Wubbulous World Of Dr. Seuss
0%
T Top Wing : Toutes Ailes Dehors !
0%
W Wolverine et les X-Men
0%
Aucun quiz correspondant
Distribution des résultats
% des personnes avec chaque résultat
Percentile par nombre de réponses
Votre historique - résultats
Vous n’avez pas pris ce quiz